| 000 | 00494cam a2200181ua 4500 | ||
|---|---|---|---|
| 003 | OSt | ||
| 008 | 241111b |||||||| |||| 00| 0 eng d | ||
| 041 | _aeng | ||
| 082 |
_a631.587 _bVAR/TH |
||
| 100 |
_aVarshney, R.S. _96410 |
||
| 245 | _aTheory and design of irrigation structures: channels and tube wells, Vol.I / | ||
| 250 | _a6 / | ||
| 260 |
_aRoorkee : _bNem Chand And Bros , _c1992. |
||
| 300 | _a567 ; . | ||
| 700 | 1 |
_aGupta, R L. _96411 |
|
| 700 | 1 |
_aGupta, S.C. _91448 |
|
| 942 | _cBK | ||
| 999 |
_c9330 _d9330 |
||